L'Espace en images - Statistiques

Statistiques générales
  • Ce quiz a été pris 20 601 fois
  • Le résultat moyen est 10 sur 18
Statistiques - réponses
Par images Hint Réponse % Correct
planète Saturne
99%
objet céleste Trou noir
87%
planète naine Pluton
81%
phénomène Aurore polaire
79%
phénomène astronomique Éclipse solaire
79%
satellite Station spatiale internationale
71%
astronaute Neil Armstrong
70%
astronome Galilée
60%
galaxie voisine de la Voie lactée Andromède
57%
région du système solaire Ceinture d’astéroïdes
53%
théorie physique Héliocentrisme
36%
objet céleste Nébuleuse
36%
plus haut sommet de Mars (22,5 km) Mont Olympe
33%
revient à chaque 76 ans Comète de Halley
30%
étoile la plus proche du Soleil Proxima du centaure
30%
constellation Orion
27%
lune Io
23%
sur Jupiter Grande Tache rouge
19%
Aucun quiz correspondant
Distribution des résultats
% des personnes avec chaque résultat
Percentile par nombre de réponses
Votre historique - résultats
Vous n’avez pas pris ce quiz